000 00619nam a2200229Ia 4500
003 OSt
005 20221007071646.0
006 a|||||r|||| 00| 0
007 ta
008 221006b |||||||| |||| 00| 0 eng d
024 _a13,932
037 _cTextual
040 _aFLL
_cFLL
_beng
041 _2eng
_aeng
082 _aX.1.N7, L9
100 _aNawaz T. Au.
_9689159
245 0 _aNew international economic order a bibliography
260 _aLondon
_bFrances pinter limited London
_c1979
300 _a163p
_ccm.
942 _hX.1.N7, L9
_cTEXL
_2CC
999 _c1143906
_d1143906